Language Quiz

Random Language or Letter Quiz

Ends in 'SH' (A-Z) Quiz Stats

 Plays Quiz Updated Jul 26, 2017

Support Sporcle.
Go Orange.
Score 0/25 Timer 05:00
2 Plays Today
Letter Word % Correct
Ccrash
96%
Lleash
92.3%
Ffinish
91.9%
Aambush
90.4%
Nnourish
89.3%
Mmarsh
88.6%
Ssquish
88.3%
Hhashish
86.2%
Bblemish
86.2%
Eextinguish
84.5%
Rrelish
83.9%
YYiddish
83.3%
Ddemolish
80.3%
Letter Word % Correct
Pplush
80%
Vvanquish
79.6%
Wwhoosh
78.2%
Ttarnish
77.9%
Jjosh
77.8%
Qquash
76.4%
Ggibberish
74.2%
Ooutlandish
66.5%
Iimpoverish
59.2%
Uunselfish
47%
Kkibosh
37.4%
Zzebrafish
36.4%

You're not logged in!

Compare scores with friends on all Sporcle quizzes.
OR
Log In
Forgot?

From the Vault

Countries by Latitude

by ImpromptuJ

You can't do well at this quiz if you have a poor latitude.
Remove Ads.
Support Sporcle.
Get the best of Sporcle when you Go Orange. This ad-free experience offers more features, more stats, and more fun while also helping to support Sporcle. Thank you for becoming a member.

Show Comments

Extras

Top Quizzes Today


Score Distribution

Your Account Isn't Verified!

In order to create a playlist on Sporcle, you need to verify the email address you used during registration. Go to your Sporcle Settings to finish the process.

Report this User

Report this user for behavior that violates our Community Guidelines.

Details: